<?xml version="1.0" encoding="UTF-8"?>
<marc:record xmlns:marc="http://www.loc.gov/MARC21/slim">
   <marc:leader>00000nam a2200000 a 4500</marc:leader>
   <marc:datafield ind1="1" ind2=" " tag="100">
      <marc:subfield code="a">Römer, Felicitas</marc:subfield>
      <marc:subfield code="4">aut</marc:subfield>
      <marc:subfield code="e">Verfasser/-in</marc:subfield>
   </marc:datafield>
   <marc:datafield ind1=" " ind2=" " tag="653">
      <marc:subfield code="a">Konflikte</marc:subfield>
   </marc:datafield>
   <marc:datafield ind1=" " ind2=" " tag="653">
      <marc:subfield code="a">Erziehung</marc:subfield>
   </marc:datafield>
   <marc:datafield ind1=" " ind2=" " tag="653">
      <marc:subfield code="a">Trotz</marc:subfield>
   </marc:datafield>
   <marc:datafield ind1="0" ind2="0" tag="245">
      <marc:subfield code="a">"Ich will aber!"</marc:subfield>
   </marc:datafield>
   <marc:datafield ind1="0" ind2="0" tag="245">
      <marc:subfield code="b">Konflikte mit Kindern besser lösen</marc:subfield>
   </marc:datafield>
   <marc:datafield ind1="0" ind2="0" tag="245">
      <marc:subfield code="c">Felicitas Römer</marc:subfield>
   </marc:datafield>
   <marc:datafield ind1=" " ind2="1" tag="264">
      <marc:subfield code="a">Freiburg im Breisgau</marc:subfield>
      <marc:subfield code="b">Herder</marc:subfield>
      <marc:subfield code="c">2015</marc:subfield>
   </marc:datafield>
   <marc:datafield ind1="1" ind2=" " tag="490">
      <marc:subfield code="a">Kizz</marc:subfield>
   </marc:datafield>
   <marc:datafield ind1=" " ind2=" " tag="250">
      <marc:subfield code="a">1. Aufl.</marc:subfield>
   </marc:datafield>
   <marc:datafield ind1="1" ind2=" " tag="520">
      <marc:subfield code="a">(I-15/13-C3) (GMK ZWs / RG) Dieser Konfliktlöseratgeber erläutert Konflikte zwischen den verschiedenen Parteien (Eltern - Kinder, Kinder untereinander) und gibt einen 1. Überblick über Ursachen und Lösungen. Inhalt 5 Arger, Streit, Zoff - na und? Konflikte gehören zum Familienleben 11 Ich will aber nicht!" Mit Wut und Trotz umgehen 17 Jonathan ist doof, ich hasse ihn!" Von Geschwisterliebe und Geschwisterstress 23 "lch bin so sauer!" Kinder dürfen sein 29 Hausarrest, Fernsehverbot &amp; Co. Wie sinnvoll sind Drohen, Schimpfen und Strafen? 35 "Der Till war richtig kacke heute!" Warum Kinder Schimpfwörter benutzen 41 Kratzen, Wie viel Aggression ist okay? 47 Was heiBt schon "auffällig"? Kinder richtig verstehen und ihnen helfen 55 Was Kinder wirklich brauchen Erziehung mit Fingerspitzengefuhl 60 Service 63 Impressum</marc:subfield>
   </marc:datafield>
   <marc:datafield ind1=" " ind2=" " tag="020">
      <marc:subfield code="a">9783451006838</marc:subfield>
      <marc:subfield code="9">9783451006838</marc:subfield>
   </marc:datafield>
   <marc:datafield ind1=" " ind2=" " tag="041">
      <marc:subfield code="a">ger</marc:subfield>
   </marc:datafield>
   <marc:datafield ind1=" " ind2=" " tag="300">
      <marc:subfield code="a">63 S. : zahlr. Ill.</marc:subfield>
   </marc:datafield>
</marc:record>
